[Event "VIII Open A"]
[Site "Genova ITA"]
[Date "2004.08.10"]
[Round "2"]
[White "Damia, Angelo"]
[Black "Ranola, Yves"]
[Result "0-1"]
[WhiteElo "2129"]
[BlackElo "2410"]
[PlyCount "76"]
[EventDate "2004.08.09"]

1. e4 c5 2. Nf3 g6 3. d4 Bg7 4. dxc5 Qa5+ 5. c3 Qxc5 6. Be3 Qc7 7. Bd3 Nf6 8.
O-O O-O 9. Na3 Nc6 10. Nb5 Qb8 11. h3 d5 12. Nd2 a6 13. Nd4 e5 14. Nxc6 bxc6
15. Qb3 Be6 16. Bc5 Rd8 17. Qxb8 Raxb8 18. Bxa6 Rxb2 19. exd5 cxd5 20. Nf3 Ra8
21. Rfb1 Rxb1+ 22. Rxb1 Nd7 23. Bb7 Rxa2 24. Bd6 f6 25. Rb5 Kf7 26. Bxd5 Ra1+
27. Kh2 Bxd5 28. Rxd5 Ke6 29. c4 Nb6 30. Rb5 Nxc4 31. Rb7 Nxd6 32. Rxg7 Rf1 33.
Rxh7 Rxf2 34. Rh6 e4 35. Kg1 Rb2 36. Nd4+ Kd5 37. Nf3 exf3 38. gxf3 Rb3 0-1

[Event "VIII Open A"]
[Site "Genova ITA"]
[Date "2004.08.10"]
[Round "2"]
[White "Dervishi, Erald"]
[Black "Barberi, Alessandro"]
[Result "1-0"]
[WhiteElo "2486"]
[BlackElo "2162"]
[PlyCount "61"]
[EventDate "2004.08.09"]

1. e4 c5 2. Nf3 d6 3. d4 cxd4 4. Nxd4 Nf6 5. Nc3 g6 6. Bc4 Bg7 7. Be3 Nc6 8. f3
O-O 9. Qd2 Bd7 10. O-O-O Qa5 11. h4 Rfc8 12. Bb3 Ne5 13. Kb1 Nc4 14. Bxc4 Rxc4
15. Nb3 Qd8 16. Bh6 Bh8 17. h5 Rac8 18. hxg6 fxg6 19. e5 dxe5 20. Nd5 Rxc2 21.
Nxf6+ Bxf6 22. Qd5+ Kh8 23. Qxd7 Qxd7 24. Rxd7 Rxg2 25. Nd2 e4 26. fxe4 g5 27.
e5 Bxe5 28. Rxe7 Bd4 29. Bxg5 Rxg5 30. Rexh7+ Kg8 31. Nf3 1-0

[Event "VIII Open A"]
[Site "Genova ITA"]
[Date "2004.08.10"]
[Round "2"]
[White "Di Paolo, Raffaele"]
[Black "Goris, Antonius"]
[Result "1-0"]
[WhiteElo "2321"]
[BlackElo "2101"]
[PlyCount "47"]
[EventDate "2004.08.09"]

1. e4 e6 2. d4 d5 3. Nc3 Bb4 4. e5 c5 5. a3 Bxc3+ 6. bxc3 Qc7 7. Qg4 f5 8. Qg3
cxd4 9. cxd4 Ne7 10. Bd2 O-O 11. Bd3 b6 12. Ne2 Ba6 13. Nf4 Qd7 14. Bxa6 Nxa6
15. O-O Rfc8 16. Nh5 Ng6 17. Bh6 Nc7 18. Bxg7 Ne8 19. h4 Qc7 20. Bh6 Kh8 21.
Qg5 Qe7 22. Nf6 Nxf6 23. exf6 Qf7 24. h5 1-0

[Event "VIII Open A"]
[Site "Genova ITA"]
[Date "2004.08.10"]
[Round "2"]
[White "Durdevic, Radoslav"]
[Black "Maiorov, Nikita"]
[Result "0-1"]
[WhiteElo "2144"]
[BlackElo "2414"]
[PlyCount "76"]
[EventDate "2004.08.09"]

1. e4 e5 2. Nf3 Nc6 3. Nc3 Nf6 4. Bc4 Be7 5. O-O O-O 6. d3 d6 7. h3 Na5 8. Bb3
Nxb3 9. axb3 c6 10. Be3 a6 11. d4 Qc7 12. Qe2 h6 13. dxe5 dxe5 14. Na4 Nd7 15.
Rfd1 b5 16. Nc3 Nc5 17. Nd2 Ne6 18. Qf1 Nd4 19. Rac1 Be6 20. Ne2 Rad8 21. g4
Rd7 22. Ng3 Rfd8 23. Nf5 Bf8 24. Kg2 c5 25. Bxd4 exd4 26. f4 c4 27. bxc4 bxc4
28. b3 c3 29. Nc4 Bxc4 30. bxc4 Ba3 31. Ra1 Bb2 32. Ra2 d3 33. Rxb2 cxb2 34.
cxd3 Qxc4 35. Qe2 Rxd3 36. Qxb2 Qxe4+ 37. Kh2 Qxf4+ 38. Kg2 Qf3+ 0-1

[Event "VIII Open A"]
[Site "Genova ITA"]
[Date "2004.08.10"]
[Round "2"]
[White "Fossati, Remigio"]
[Black "Genocchio, Daniele"]
[Result "1-0"]
[WhiteElo "2104"]
[BlackElo "2353"]
[PlyCount "63"]
[EventDate "2004.08.09"]

1. e4 c5 2. Nf3 a6 3. c3 d5 4. exd5 Qxd5 5. d4 Nf6 6. Be2 e6 7. O-O cxd4 8.
cxd4 Be7 9. Nc3 Qd6 10. Bg5 O-O 11. Rc1 Nbd7 12. Bd3 Re8 13. Bb1 h6 14. Bh4 Qb6
15. Qe2 Qd8 16. Ne5 Nf8 17. Rfd1 N6d7 18. Bg3 Bb4 19. Qf3 Qf6 20. Qe2 Qe7 21.
Ne4 Qd8 22. Qh5 Nxe5 23. dxe5 Bd7 24. Rc4 Be7 25. Rcd4 Qa5 26. b4 Qc7 27. Nf6+
Bxf6 28. exf6 e5 29. fxg7 Kxg7 30. Rd6 f6 31. Bh4 Re6 32. R1d3 1-0

[Event "VIII Open A"]
[Site "Genova ITA"]
[Date "2004.08.10"]
[Round "2"]
[White "Griffa, Roberto"]
[Black "Lanzani, Mario"]
[Result "0-1"]
[WhiteElo "2107"]
[BlackElo "2365"]
[PlyCount "106"]
[EventDate "2004.08.09"]

1. d4 Nf6 2. Nf3 e6 3. e3 b6 4. Bd3 Bb7 5. Nbd2 c5 6. O-O Nc6 7. c3 Rc8 8. Qe2
Be7 9. Rd1 O-O 10. dxc5 bxc5 11. e4 d6 12. Nc4 Qc7 13. Bf4 Nh5 14. Bc1 d5 15.
exd5 exd5 16. Nce5 Rce8 17. Nxc6 Bxc6 18. Ne5 Nf6 19. Nxc6 Bd6 20. Qf1 Bxh2+
21. Kh1 Ng4 22. Bf5 h5 23. f4 Qxc6 24. Bxg4 hxg4 25. Kxh2 Re4 26. Bd2 f5 27.
Re1 Kf7 28. Rxe4 Rh8+ 29. Kg3 Qf6 30. Re7+ Qxe7 31. Kf2 Qh4+ 32. g3 Qd8 33. Qg2
Rh6 34. Rh1 Rd6 35. Qf1 Qb6 36. Bc1 c4+ 37. Kg2 Qc6 38. Kg1 d4 39. cxd4 Rxd4
40. Be3 Rd3 41. Bf2 Qd6 42. Rh5 g6 43. Rh7+ Kg8 44. Rxa7 Rd1 45. Ra8+ Kh7 46.
Be1 Qd4+ 47. Kh2 Qxb2+ 48. Qf2 c3 49. Qxb2 cxb2 50. Bc3 Rd2+ 51. Bxd2 b1=Q 52.
Be3 Qc2+ 53. Kg1 Qd1+ 0-1

[Event "VIII Open A"]
[Site "Genova ITA"]
[Date "2004.08.10"]
[Round "2"]
[White "Mateo, Ramon"]
[Black "Dignam, Matthew"]
[Result "1/2-1/2"]
[WhiteElo "2425"]
[BlackElo "2144"]
[PlyCount "61"]
[EventDate "2004.08.09"]

1. e4 e6 2. d4 d5 3. Nc3 Nf6 4. Bg5 dxe4 5. Nxe4 Be7 6. Bxf6 Bxf6 7. Nf3 Nd7 8.
c3 O-O 9. Nxf6+ Qxf6 10. Bd3 e5 11. O-O exd4 12. cxd4 h6 13. Re1 Nb6 14. Qc2
Nd5 15. Bh7+ Kh8 16. Be4 Be6 17. Ne5 Rfd8 18. g3 c6 19. f4 Ne7 20. Rad1 Bd5 21.
a3 Bxe4 22. Rxe4 Nf5 23. g4 Nd6 24. Re3 Kg8 25. Qf2 Nb5 26. Red3 Rd5 27. a4 Nc7
28. Rf3 Rad8 29. g5 hxg5 30. Rdd3 Ne6 31. fxg5 1/2-1/2

[Event "VIII Open A"]
[Site "Genova ITA"]
[Date "2004.08.10"]
[Round "2"]
[White "Paragua, Mark"]
[Black "Salvador, Roland"]
[Result "1-0"]
[WhiteElo "2529"]
[BlackElo "2178"]
[PlyCount "75"]
[EventDate "2004.08.09"]

1. e4 e6 2. d4 d5 3. Nd2 c6 4. Ngf3 b6 5. c3 a5 6. Bd3 Nf6 7. e5 Nfd7 8. Nf1
Ba6 9. Bxa6 Nxa6 10. Ng3 g6 11. h4 h6 12. h5 g5 13. Nh2 Bg7 14. Ng4 Qe7 15. Qe2
Nc7 16. O-O O-O-O 17. c4 Kb7 18. b3 f5 19. exf6 Bxf6 20. a4 Qg7 21. Nxf6 Qxf6
22. Be3 Rhf8 23. Rab1 Ra8 24. b4 axb4 25. Rxb4 Ra5 26. Rfb1 Rfa8 27. Qc2 Qf8
28. Ne2 dxc4 29. Rxc4 Qf5 30. Qb3 g4 31. Bd2 Qxh5 32. Bxa5 Rxa5 33. Qc2 Qd5 34.
Nf4 Qf5 35. Rxc6 Qxc2 36. Rxc2 Rxa4 37. Rbc1 Nb5 38. Nxe6 1-0

[Event "VIII Open A"]
[Site "Genova ITA"]
[Date "2004.08.10"]
[Round "2"]
[White "Roatta, Luca"]
[Black "Mrdja, Milan"]
[Result "0-1"]
[WhiteElo "2147"]
[BlackElo "2432"]
[PlyCount "74"]
[EventDate "2004.08.09"]

1. d4 g6 2. Nf3 Bg7 3. Bf4 d6 4. e3 Nd7 5. Nbd2 e5 6. Bg5 f6 7. Bh4 Nh6 8. dxe5
dxe5 9. Bc4 Qe7 10. Qe2 Nf5 11. O-O-O e4 12. Nd4 Nxh4 13. g3 Nf3 14. Ne6 Nb6
15. Nxg7+ Qxg7 16. Nxe4 Ne5 17. Bb5+ Bd7 18. f4 Bxb5 19. Qxb5+ Ned7 20. a4 a5
21. Nc5 O-O-O 22. Ne6 Qe7 23. Nxd8 Rxd8 24. Qxa5 Re8 25. Qb5 c6 26. Qb3 Nd5 27.
Rhe1 f5 28. Rxd5 cxd5 29. Qxd5 Nf6 30. Qb5 Rd8 31. a5 Rd6 32. b4 Ne4 33. c4 Qf6
34. Qe5 Qf7 35. Kb2 Rd2+ 36. Kb3 Rd3+ 37. Kb2 Qxc4 0-1

[Event "VIII Open A"]
[Site "Genova ITA"]
[Date "2004.08.10"]
[Round "2"]
[White "Sanchez, Joseph"]
[Black "Barlocco, Carlo"]
[Result "1-0"]
[WhiteElo "2453"]
[BlackElo "2148"]
[PlyCount "53"]
[EventDate "2004.08.09"]

1. e4 g6 2. d4 Nf6 3. Nc3 d5 4. e5 Nh5 5. Be3 c6 6. Qd2 b5 7. h4 Ng7 8. Nf3 h5
9. Ng5 e6 10. Bd3 Nd7 11. Ne2 Nb6 12. Nf4 Nf5 13. Bxf5 exf5 14. e6 Bxe6 15.
Ngxe6 fxe6 16. Nxg6 Rg8 17. Nf4 Nc4 18. Qe2 Kd7 19. Nxh5 Nxb2 20. Bg5 Bb4+ 21.
Kf1 Rxg5 22. hxg5 Qxg5 23. Qe5 Rf8 24. Nf4 Qf6 25. Rh7+ Be7 26. Nxe6 Rf7 27.
Qc7+ 1-0

[Event "VIII Open A"]
[Site "Genova ITA"]
[Date "2004.08.10"]
[Round "2"]
[White "Schinkowski, Christoph"]
[Black "Djuric, Stefan"]
[Result "1-0"]
[WhiteElo "2183"]
[BlackElo "2511"]
[PlyCount "67"]
[EventDate "2004.08.09"]

1. d4 c5 2. d5 g6 3. e4 Bg7 4. Nf3 d6 5. Bb5+ Nd7 6. O-O Ngf6 7. Re1 O-O 8. h3
a6 9. Bf1 b5 10. a4 Rb8 11. axb5 axb5 12. Nc3 b4 13. Nb5 Qb6 14. c3 Ba6 15. c4
Ra8 16. Bf4 Nh5 17. Bg5 Bxb5 18. cxb5 Bxb2 19. Rxa8 Rxa8 20. Bxe7 Bc3 21. e5
dxe5 22. d6 Ra1 23. Qd5 Nf4 24. Qc6 Qxc6 25. bxc6 Bxe1 26. cxd7 Ne6 27. Ng5 Nd8
28. Bxd8 b3 29. Bc7 Ra8 30. Bd3 Bb4 31. d8=Q+ Rxd8 32. Bxd8 b2 33. d7 c4 34.
Bb1 1-0

[Event "VIII Open A"]
[Site "Genova ITA"]
[Date "2004.08.10"]
[Round "2"]
[White "Wisnewski, Christoph"]
[Black "Raps, Johannes"]
[Result "1-0"]
[WhiteElo "2410"]
[BlackElo "2135"]
[PlyCount "79"]
[EventDate "2004.08.09"]

1. e4 c5 2. c3 d6 3. d4 cxd4 4. cxd4 Nf6 5. Nc3 g6 6. h3 Bg7 7. Nf3 O-O 8. Be3
b6 9. Bd3 Bb7 10. O-O Nbd7 11. Qe2 Re8 12. Rfd1 e5 13. dxe5 dxe5 14. Bg5 Qe7
15. Ba6 Nc5 16. Bxb7 Qxb7 17. Bxf6 Bxf6 18. Rd6 Ne6 19. Qb5 Red8 20. Rad1 a6
21. Qxb6 Qxb6 22. Rxb6 Rxd1+ 23. Nxd1 Bg7 24. Nc3 a5 25. Kf1 a4 26. a3 Nf4 27.
g3 Nd3 28. Ne1 Nc5 29. Ke2 Rd8 30. Rb5 Bf8 31. f3 Nb3 32. Rd5 Rc8 33. Nc2 f6
34. Rd7 Nc5 35. Ra7 Rd8 36. Nd5 Rd6 37. Nce3 h5 38. Nc4 Rc6 39. Nb4 Rc8 40. Nb6
1-0

[Event "VIII Open A"]
[Site "Genova ITA"]
[Date "2004.08.11"]
[Round "3"]
[White "Cirabisi, Federico"]
[Black "Mateo, Ramon"]
[Result "0-1"]
[WhiteElo "2106"]
[BlackElo "2425"]
[PlyCount "62"]
[EventDate "2004.08.09"]

1. Nc3 c5 2. e4 Nc6 3. f4 g6 4. Nf3 Bg7 5. Bc4 a6 6. O-O e6 7. a4 Nge7 8. Qe1
O-O 9. d3 d5 10. Ba2 b5 11. Ne2 Nb4 12. Bb1 bxa4 13. c3 dxe4 14. dxe4 Nd3 15.
Bxd3 Qxd3 16. Ng3 Qb5 17. h4 Bb7 18. h5 Rad8 19. hxg6 fxg6 20. Ng5 Qc4 21. Qe2
Qxe2 22. Nxe2 Rd6 23. Be3 Rc8 24. Rfd1 Rb6 25. Rd7 Bf6 26. Nxe6 Rxe6 27. Rxb7
Rxe4 28. Kf2 Nf5 29. Bd2 Rd8 30. Be1 Rde8 31. Ng3 Bh4 0-1

[Event "VIII Open A"]
[Site "Genova ITA"]
[Date "2004.08.11"]
[Round "3"]
[White "Djuric, Stefan"]
[Black "Bildt, Thomas"]
[Result "1-0"]
[WhiteElo "2511"]
[BlackElo "2086"]
[PlyCount "29"]
[EventDate "2004.08.09"]

1. e4 e5 2. Nf3 Nc6 3. Bb5 a6 4. Ba4 Nf6 5. d4 b5 6. Bb3 Nxd4 7. Nxd4 exd4 8.
e5 Qe7 9. O-O Qxe5 10. Re1 Ne4 11. f3 d5 12. Bf4 Qxf4 13. Bxd5 Bf5 14. Bxe4
O-O-O 15. Qd2 1-0

[Event "VIII Open A"]
[Site "Genova ITA"]
[Date "2004.08.11"]
[Round "3"]
[White "Godena, Michele"]
[Black "Maccagno, Giancarlo"]
[Result "1-0"]
[WhiteElo "2545"]
[BlackElo "2099"]
[PlyCount "43"]
[EventDate "2004.08.09"]

1. e4 c6 2. d4 d5 3. Nd2 dxe4 4. Nxe4 Bf5 5. Nc5 e5 6. Nxb7 Qxd4 7. Qxd4 exd4
8. Nf3 Bxc2 9. Nxd4 Be4 10. f3 Bd5 11. Bf4 Bb4+ 12. Kf2 Nf6 13. a3 Bf8 14. g3
Nbd7 15. Re1+ Be7 16. Nf5 O-O 17. Nxe7+ Kh8 18. Ba6 Rfe8 19. Nd6 Rxe7 20. Rxe7
Nc5 21. Be2 Nh5 22. Be3 1-0

[Event "VIII Open A"]
[Site "Genova ITA"]
[Date "2004.08.11"]
[Round "3"]
[White "Goris, Antonius"]
[Black "Guido, Flavio"]
[Result "0-1"]
[WhiteElo "2101"]
[BlackElo "2338"]
[PlyCount "80"]
[EventDate "2004.08.09"]

1. e4 c5 2. c3 Qa5 3. Nf3 e6 4. Bc4 b5 5. Bb3 Bb7 6. d3 d6 7. O-O Nd7 8. Re1
Ngf6 9. Bg5 Be7 10. Nbd2 h6 11. Bh4 Qb6 12. a4 a6 13. axb5 axb5 14. Rxa8+ Bxa8
15. Qe2 O-O 16. Ra1 Bb7 17. d4 e5 18. dxe5 dxe5 19. Bg3 c4 20. Bc2 Bd6 21. b4
cxb3 22. Bxb3 Rc8 23. c4 b4 24. h3 Re8 25. Nh4 Nc5 26. Bc2 b3 27. Bxb3 Ncxe4
28. Kh2 Nxd2 29. Qxd2 Qxb3 30. Qxd6 Qxc4 31. Bxe5 Qxh4 32. Bxf6 Qxf6 33. Qxf6
gxf6 34. Ra2 Kg7 35. f4 Rc8 36. Kg3 Be4 37. Kh4 Rc2 38. Rxc2 Bxc2 39. Kh5 Bd1+
40. g4 f5 0-1

[Event "VIII Open A"]
[Site "Genova ITA"]
[Date "2004.08.11"]
[Round "3"]
[White "Hintz, Bastian"]
[Black "Gromovs, Sergejs"]
[Result "0-1"]
[WhiteElo "2048"]
[BlackElo "2341"]
[PlyCount "58"]
[EventDate "2004.08.09"]

1. e4 c5 2. Nc3 Nc6 3. f4 e6 4. Nf3 d5 5. Bb5 d4 6. Bxc6+ bxc6 7. Nb1 d3 8. c4
Bd6 9. g3 h5 10. h3 h4 11. e5 hxg3 12. Kf1 Ne7 13. Ne1 Bxe5 14. fxe5 Qd4 15.
Qf3 Rh5 16. Qxg3 Rf5+ 17. Nf3 Ng6 18. Rh2 Nxe5 19. Rf2 Nxf3 20. Rxf3 e5 21. Nc3
Rxf3+ 22. Qxf3 Bd7 23. Nb5 cxb5 24. Qxa8+ Ke7 25. Qf3 bxc4 26. Rb1 Qh4 27. Kg2
Kd6 28. b4 Bc6 29. bxc5+ Kc7 0-1

[Event "VIII Open A"]
[Site "Genova ITA"]
[Date "2004.08.11"]
[Round "3"]
[White "Kluss, Kai"]
[Black "Dervishi, Erald"]
[Result "0-1"]
[WhiteElo "2197"]
[BlackElo "2486"]
[PlyCount "56"]
[EventDate "2004.08.09"]

1. d4 Nf6 2. c4 e6 3. Nc3 d5 4. Bg5 Be7 5. e3 O-O 6. Nf3 Nbd7 7. Qc2 h6 8. Bh4
c6 9. Rd1 a6 10. c5 Re8 11. Bg3 Nh5 12. b4 a5 13. b5 Nxg3 14. hxg3 Bf6 15. Be2
e5 16. Rb1 exd4 17. exd4 Qe7 18. O-O Nxc5 19. Rfe1 Ne6 20. Qa4 Bd7 21. Bd3 Qd6
22. bxc6 bxc6 23. Rb6 Nxd4 24. Rxe8+ Rxe8 25. Nxd4 Qc5 26. Rb7 Bxd4 27. Rxd7
Qxc3 28. Bf5 Bxf2+ 0-1

[Event "VIII Open A"]
[Site "Genova ITA"]
[Date "2004.08.11"]
[Round "3"]
[White "Lanzani, Mario"]
[Black "Paragua, Mark"]
[Result "1/2-1/2"]
[WhiteElo "2365"]
[BlackElo "2529"]
[PlyCount "106"]
[EventDate "2004.08.09"]

1. e4 c5 2. Nf3 d6 3. d4 cxd4 4. Nxd4 Nf6 5. Nc3 Nc6 6. Bg5 Qb6 7. Nb3 e6 8.
Be2 a6 9. a4 Bd7 10. O-O Be7 11. Kh1 O-O 12. a5 Qc7 13. Be3 Rac8 14. f3 Nb4 15.
g4 e5 16. Rc1 Be6 17. g5 Nh5 18. Nd5 Nxd5 19. exd5 Bd7 20. Qd2 f6 21. gxf6 Bxf6
22. Rg1 Rce8 23. c4 Nf4 24. Bf1 Qd8 25. c5 Bh4 26. cxd6 Qf6 27. Nc5 Qxd6 28.
Nxb7 Qf6 29. Nc5 Bf5 30. Ne4 Qh6 31. Ng3 Bg6 32. Rc6 e4 33. Nxe4 Qh5 34. Bxf4
Qxf3+ 35. Bg2 Bxe4 36. Bxf3 Bxf3+ 37. Rg2 Rxf4 38. h3 Rfe4 39. Re6 Bg3 40. Kg1
R8xe6 41. Rxg3 Re1+ 42. Qxe1 Rxe1+ 43. Kf2 Rd1 44. Rxf3 Rxd5 45. b4 Rd2+ 46.
Kg3 Rb2 47. Rf4 Rb3+ 48. Kg2 g6 49. Rf6 Rxb4 50. Rxa6 Kg7 51. Rb6 Ra4 52. Rb5
h6 53. Kg3 g5 1/2-1/2

[Event "VIII Open A"]
[Site "Genova ITA"]
[Date "2004.08.11"]
[Round "3"]
[White "Lazic, Miroljub"]
[Black "Bancod, Ronald"]
[Result "1/2-1/2"]
[WhiteElo "2471"]
[BlackElo "2354"]
[PlyCount "67"]
[EventDate "2004.08.09"]

1. g3 Nf6 2. Bg2 g6 3. e4 d6 4. d4 Bg7 5. Nc3 O-O 6. h3 e5 7. Nge2 c6 8. a4 Na6
9. O-O Nb4 10. a5 exd4 11. Nxd4 Re8 12. Ra4 c5 13. Ndb5 d5 14. exd5 Bf5 15. Ra1
Bxc2 16. Qf3 a6 17. Na3 Bd3 18. Rd1 c4 19. Be3 Re5 20. Bb6 Qd7 21. d6 Nfd5 22.
Nxd5 Nxd5 23. Rxd3 cxd3 24. Nc4 Rf5 25. Qxd3 Qb5 26. Bc7 Bf6 27. Rd1 Nxc7 28.
dxc7 Rc8 29. Nd6 Qxd3 30. Rxd3 Rxc7 31. Nxf5 gxf5 32. Rb3 Rc5 33. Rxb7 Rxa5 34.
Rd7 1/2-1/2

[Event "VIII Open A"]
[Site "Genova ITA"]
[Date "2004.08.11"]
[Round "3"]
[White "Maiorov, Nikita"]
[Black "Schinkowski, Christoph"]
[Result "1-0"]
[WhiteElo "2414"]
[BlackElo "2183"]
[PlyCount "105"]
[EventDate "2004.08.09"]

1. d4 Nf6 2. c4 e6 3. Nc3 Bb4 4. Qc2 d5 5. cxd5 exd5 6. Bg5 c6 7. a3 Be7 8. e3
O-O 9. Bd3 Nbd7 10. Nf3 Re8 11. O-O Nf8 12. h3 Ne4 13. Bf4 Nxc3 14. Qxc3 Be6
15. b4 Rc8 16. Nd2 Qd7 17. Qc2 g5 18. Bh2 Ng6 19. Nb3 Kh8 20. f3 Rg8 21. Nc5
Bxc5 22. Qxc5 f6 23. Rac1 Nh4 24. Qd6 Qxd6 25. Bxd6 Nf5 26. Bh2 Bd7 27. Kf2
Rge8 28. Rfe1 h5 29. g4 hxg4 30. hxg4 Nh4 31. Bg3 Kg7 32. Rh1 Ng6 33. Rh5 Rh8
34. Rch1 Rxh5 35. gxh5 Ne7 36. e4 Kh6 37. Bd6 Re8 38. Re1 Nc8 39. Bc7 dxe4 40.
fxe4 Bg4 41. Kg3 f5 42. Be5 fxe4 43. Bxe4 Bxh5 44. Rf1 Ne7 45. Rf6+ Ng6 46. Rf7
g4 47. Rxb7 Nxe5 48. dxe5 Rxe5 49. Kf4 Rxe4+ 50. Kxe4 g3 51. Ke3 Kg5 52. Rg7+
Kh4 53. Kf4 1-0

[Event "VIII Open A"]
[Site "Genova ITA"]
[Date "2004.08.11"]
[Round "3"]
[White "Mrdja, Milan"]
[Black "Di Paolo, Raffaele"]
[Result "1/2-1/2"]
[WhiteElo "2432"]
[BlackElo "2321"]
[PlyCount "96"]
[EventDate "2004.08.09"]

1. e4 e6 2. Nf3 d5 3. Nc3 Nf6 4. e5 Nfd7 5. d4 c5 6. dxc5 Bxc5 7. Bd3 Nc6 8.
Bf4 Be7 9. Bg3 O-O 10. O-O Nc5 11. Re1 Nxd3 12. cxd3 Bd7 13. Qd2 Rc8 14. Re2 a6
15. Qf4 f5 16. exf6 Rxf6 17. Qe3 Rxf3 18. Qxf3 Nd4 19. Qe3 Nxe2+ 20. Nxe2 Bf6
21. Be5 Bxe5 22. Qxe5 Qf6 23. Qxf6 gxf6 24. Rc1 Rxc1+ 25. Nxc1 d4 26. f3 e5 27.
Kf2 Bb5 28. Ke2 Kf7 29. Nb3 b6 30. Nd2 Ke6 31. b3 a5 32. a3 h6 33. g3 Bc6 34.
h3 Bd5 35. Kd1 Ke7 36. Ke2 Be6 37. h4 Bd5 38. Kf2 Kd6 39. Ke2 f5 40. Kf2 Ke6
41. Ke2 Kf6 42. Kf2 b5 43. b4 a4 44. g4 Be6 45. Kg3 Bb3 46. f4 fxg4 47. Kxg4
Bd1+ 48. Nf3 h5+ 1/2-1/2

[Event "VIII Open A"]
[Site "Genova ITA"]
[Date "2004.08.11"]
[Round "3"]
[White "Ranola, Yves"]
[Black "Fossati, Remigio"]
[Result "1-0"]
[WhiteElo "2410"]
[BlackElo "2104"]
[PlyCount "33"]
[EventDate "2004.08.09"]

1. c4 e5 2. g3 Nf6 3. Bg2 d5 4. cxd5 Nxd5 5. Nf3 Nc6 6. O-O Be7 7. d4 exd4 8.
Nxd4 Ne5 9. Qb3 Nb6 10. Rd1 Bd6 11. Nc3 O-O 12. Ne4 Qe8 13. f4 Ned7 14. Qc2 Be7
15. Nb5 Qd8 16. Nxc7 Rb8 17. Be3 1-0

[Event "VIII Open A"]
[Site "Genova ITA"]
[Date "2004.08.11"]
[Round "3"]
[White "Tirrito, Luca"]
[Black "Wisnewski, Christoph"]
[Result "0-1"]
[WhiteElo "2043"]
[BlackElo "2410"]
[PlyCount "44"]
[EventDate "2004.08.09"]

1. e4 e5 2. Nf3 Nc6 3. Bb5 Nd4 4. Nxd4 exd4 5. f4 c6 6. Be2 d5 7. e5 Bc5 8. d3
h5 9. Nd2 Nh6 10. Nf3 Nf5 11. O-O g6 12. Ng5 Qb6 13. a3 a5 14. b3 Be7 15. Nf3
c5 16. Kh1 h4 17. Re1 a4 18. bxa4 c4 19. g4 hxg3 20. dxc4 d3 21. Bf1 Qf2 22.
Bg2 gxh2 0-1

[Event "VIII Open A"]
[Site "Genova ITA"]
[Date "2004.08.12"]
[Round "4"]
[White "Damia, Angelo"]
[Black "Godena, Michele"]
[Result "0-1"]
[WhiteElo "2129"]
[BlackElo "2545"]
[PlyCount "110"]
[EventDate "2004.08.09"]

1. e4 e5 2. Nf3 Nc6 3. d4 exd4 4. Nxd4 Bb4+ 5. c3 Bc5 6. Be3 Bb6 7. Nxc6 bxc6
8. Bxb6 axb6 9. Qd4 Nf6 10. Qe5+ Qe7 11. Qxe7+ Kxe7 12. Nd2 Re8 13. Bd3 Kf8 14.
f3 d5 15. Kf2 Be6 16. e5 Nd7 17. f4 f6 18. Nf3 fxe5 19. Nxe5 Nxe5 20. fxe5 Bf7
21. Rhe1 Re7 22. Re3 c5 23. e6 d4 24. cxd4 cxd4 25. Re4 Rxe6 26. Rxd4 Rf6+ 27.
Kg3 Rxa2 28. Rxa2 Bxa2 29. Rf4 h6 30. Rxf6+ gxf6 31. Kf4 Be6 32. b4 Ke7 33. Ke4
Kd6 34. Kd4 Bd5 35. g3 Be6 36. Be4 Bh3 37. Bd3 Bd7 38. h4 Bg4 39. Bf1 Be6 40.
Be2 Bf7 41. b5 Be8 42. Ke4 Kc5 43. Kf5 Bxb5 44. Bxb5 Kxb5 45. g4 c5 46. Kxf6 c4
47. g5 c3 48. g6 c2 49. g7 c1=Q 50. g8=Q Qf4+ 51. Ke7 Qxh4+ 52. Kd7 Qd4+ 53.
Ke8 Qe4+ 54. Kd7 Qc6+ 55. Ke7 Qc7+ 0-1

[Event "VIII Open A"]
[Site "Genova ITA"]
[Date "2004.08.12"]
[Round "4"]
[White "Dervishi, Erald"]
[Black "Ranola, Yves"]
[Result "1-0"]
[WhiteElo "2486"]
[BlackElo "2410"]
[PlyCount "129"]
[EventDate "2004.08.09"]

1. e4 c5 2. Nf3 Nc6 3. d4 cxd4 4. Nxd4 g6 5. Nc3 Bg7 6. Be3 Nf6 7. Bc4 Qa5 8.
O-O O-O 9. Bb3 d6 10. h3 Bd7 11. Re1 Rfc8 12. Nd5 Qd8 13. Nxf6+ Bxf6 14. c3 Na5
15. Qe2 a6 16. Rad1 Qc7 17. f4 Nc4 18. Nf3 Bb5 19. Qf2 Bg7 20. f5 Nxe3 21. Rxe3
Bc4 22. Bxc4 Qxc4 23. a3 Rc5 24. Ne1 Qb3 25. Ra1 gxf5 26. Nd3 Rb5 27. exf5 Bf6
28. Rae1 Rd5 29. Nb4 Re5 30. Rxe5 dxe5 31. Qd2 Kh8 32. Re2 Qc4 33. Qd3 Qc5+ 34.
Kh1 a5 35. Qd5 Qc8 36. Nd3 Qxf5 37. Rf2 Qh5 38. Qxb7 Qd1+ 39. Kh2 Rd8 40. Nc5
e4 41. Nxe4 Be5+ 42. g3 Rd7 43. Qb5 f6 44. Kg2 a4 45. Qe2 Qd5 46. Qf3 Qc4 47.
Nd2 Qa6 48. Qe4 Qd3 49. Qxd3 Rxd3 50. Nf1 Rd1 51. Rd2 Ra1 52. Ne3 Re1 53. Nc4
Kg7 54. Kf2 Rh1 55. Nxe5 fxe5 56. Kg2 Rc1 57. Kf3 Kf6 58. Rd8 Rf1+ 59. Kg2 Rb1
60. Rb8 e4 61. Kf2 Kf5 62. g4+ Ke6 63. Ke3 Re1+ 64. Kf4 Re2 65. Rb4 1-0

[Event "VIII Open A"]
[Site "Genova ITA"]
[Date "2004.08.12"]
[Round "4"]
[White "Fossati, Remigio"]
[Black "Djuric, Stefan"]
[Result "0-1"]
[WhiteElo "2104"]
[BlackElo "2511"]
[PlyCount "70"]
[EventDate "2004.08.09"]

1. e4 c5 2. Nf3 e6 3. d4 cxd4 4. Nxd4 Nc6 5. Nb5 d6 6. c4 Nf6 7. N1c3 a6 8. Na3
Be7 9. Nc2 O-O 10. Be2 b6 11. O-O Bb7 12. f3 Rc8 13. b3 Ne5 14. Bb2 Ng6 15. Qd2
Qc7 16. Ne3 Nf4 17. Rfd1 Rfd8 18. Rac1 Qb8 19. Bf1 d5 20. exd5 exd5 21. Nexd5
Bc5+ 22. Kh1 N6xd5 23. Nxd5 Nxd5 24. cxd5 Rxd5 25. Qe2 Re8 26. Qc4 Rh5 27. f4
b5 28. Qc3 Rxh2+ 29. Kxh2 Qxf4+ 30. Qg3 Bg1+ 31. Kh3 Qh6+ 32. Qh4 Re3+ 33. g3
Rxg3+ 34. Kxg3 Qe3+ 35. Kg4 Qf3+ 0-1

[Event "VIII Open A"]
[Site "Genova ITA"]
[Date "2004.08.12"]
[Round "4"]
[White "Gromovs, Sergejs"]
[Black "Lazic, Miroljub"]
[Result "0-1"]
[WhiteElo "2341"]
[BlackElo "2471"]
[PlyCount "148"]
[EventDate "2004.08.09"]

1. d4 d5 2. c4 e6 3. Nc3 c6 4. Nf3 Nf6 5. Bg5 Nbd7 6. e3 Qa5 7. Nd2 Bb4 8. Qc2
e5 9. dxe5 Ne4 10. Ndxe4 dxe4 11. Bf4 Nxe5 12. Be2 Bf5 13. O-O Bxc3 14. bxc3
O-O 15. Qb3 Nd3 16. Bxd3 exd3 17. f3 Be6 18. Qxb7 Bxc4 19. Rfd1 c5 20. Bc7 Qa3
21. h4 Rfe8 22. h5 h6 23. Bf4 Rad8 24. e4 Qxc3 25. Be3 d2 26. Kf2 Rd3 27. Bxc5
a6 28. Qb4 Qxb4 29. Bxb4 Rb8 30. a3 a5 31. Bxa5 Rb2 32. Bb4 g6 33. hxg6 fxg6
34. Bc5 Bb3 35. Ke2 Bxd1+ 36. Rxd1 Rd7 37. g4 Ra2 38. Bb4 Kh7 39. e5 Rd5 40. f4
g5 41. Rxd2 Rdxd2+ 42. Bxd2 gxf4 43. Ke1 Rxa3 44. Bxf4 Ra4 45. Bg3 Rxg4 46. Kf2
h5 47. Kf3 Kg6 48. Bf4 Kf5 49. Bg3 h4 50. Bf2 h3 51. Bg3 Rg6 52. Kf2 Kg4 53.
Bh2 Kh4 54. Kf3 Ra6 55. Bg3+ Kg5 56. Bf4+ Kf5 57. Bh2 Rg6 58. Bg3 Rg7 59. Kf2
Rg8 60. Kf3 Rg6 61. Kf2 Ke4 62. e6 Rg8 63. e7 Kf5 64. Bc7 Ke6 65. e8=Q+ Rxe8
66. Kg3 Rc8 67. Bb6 Rc3+ 68. Kh2 Kf5 69. Bd4 Rc4 70. Ba7 Ra4 71. Bb6 Kg4 72.
Bc5 Ra2+ 73. Kh1 h2 74. Bf2 Kh3 0-1

[Event "VIII Open A"]
[Site "Genova ITA"]
[Date "2004.08.12"]
[Round "4"]
[White "Guido, Flavio"]
[Black "Barlocco, Carlo"]
[Result "1-0"]
[WhiteElo "2338"]
[BlackElo "2148"]
[PlyCount "61"]
[EventDate "2004.08.09"]

1. e4 Nc6 2. d4 d6 3. d5 Nb8 4. Nc3 g6 5. Bg5 Bg7 6. Qd2 c6 7. Nf3 Nd7 8. Be2
Qc7 9. O-O Ngf6 10. Bh6 O-O 11. Rfe1 a6 12. a4 b6 13. Bf1 Bb7 14. Qg5 Rfe8 15.
Bxg7 Kxg7 16. Nd4 e6 17. dxe6 fxe6 18. Bc4 d5 19. exd5 cxd5 20. Nxe6+ Rxe6 21.
Rxe6 Qxc4 22. Re7+ Kh8 23. Rae1 d4 24. R1e6 dxc3 25. Rxf6 Be4 26. Rxd7 Bf5 27.
Rxf5 Qe6 28. Qf6+ Qxf6 29. Rxf6 cxb2 30. Rxb6 Re8 31. Kf1 1-0